|
|
|
|
| LEADER |
00000nam a22000004a 4500 |
| 001 |
AR-BbUGT3026 |
| 003 |
AR-BbUGT |
| 005 |
20181220001723.0 |
| 007 |
ta |
| 008 |
061101t1978 |||ad |0|||0| d |
| 040 |
|
|
|a AR-BbUGT
|b spa
|c AR-BbUGT
|
| 082 |
0 |
4 |
|a 982.03
|
| 110 |
2 |
|
|a Academia Nacional de la Historia
|
| 245 |
1 |
0 |
|a Informes sobre el comercio exterior de Buenos Aires durante el gobierno de Martín Rodríguez
|
| 260 |
|
|
|a Buenos Aires :
|b Academia Nacional de la Historia,
|c 1978.
|
| 300 |
|
|
|a 88 p. :
|b il., tablas
|
| 500 |
|
|
|a Estudio preliminar de Enrique M. Barba.
|
| 653 |
|
|
|a Historia Argentina
|
| 653 |
|
|
|a Argentina
|
| 653 |
|
|
|a Historia
|
| 653 |
|
|
|a Comercio Exterior
|
| 653 |
|
|
|a Buenos Aires,Ciudad
|
| 942 |
|
|
|c BK
|h 982.03
|i AC13
|m D
|2 ddc
|6 982_030000000000000_AC13
|
| 999 |
|
|
|c 10532
|d 10532
|